[Event "4NCL Division 1b"]
[Site "Birmingham ENG"]
[Date "2015.02.15"]
[Round "6.181"]
[White "Fodor, Tamas Jr"]
[Black "Harvey, Marcus R"]
[Result "1/2-1/2"]
[WhiteElo "2486"]
[BlackElo "2311"]
[PlyCount "163"]
[EventDate "2015.02.15"]
[WhiteTeam "Hackney 1"]
[BlackTeam "Oxford 1"]

1. d4 e6 2. c4 Nf6 3. Nc3 Bb4 4. Qc2 d5 5. cxd5 exd5 6. Bf4 O-O 7. e3 Bg4 8.
Bd3 Nbd7 9. a3 Be7 10. h3 Bh5 11. g4 Bg6 12. Bxg6 hxg6 13. g5 Nh5 14. Nxd5 c6
15. Bc7 Qe8 16. Nxe7+ Qxe7 17. Nf3 Rac8 18. Ba5 Qe6 19. Bc3 Qd5 20. e4 Rfe8 21.
Ne5 Qe6 22. O-O-O Nxe5 23. dxe5 Rcd8 24. Kb1 Nf4 25. f3 Rxd1+ 26. Qxd1 Qe7 27.
h4 Rd8 28. Qg1 Qd7 29. Qe3 Qd3+ 30. Qxd3 Rxd3 31. Rf1 c5 32. Kc2 c4 33. Rf2 b5
34. Rd2 Rxf3 35. Rd8+ Kh7 36. Rd7 Rf2+ 37. Kd1 Ne6 38. Rxa7 Rf4 39. Rb7 Rxh4
40. Rxb5 Nxg5 41. Rb7 Nxe4 42. Rxf7 Nxc3+ 43. bxc3 Re4 44. a4 g5 45. a5 Rxe5
46. a6 Ra5 47. a7 Ra2 48. Ke1 Kh6 49. Rc7 g6 50. Rxc4 Rxa7 51. Kf2 Kh5 52. Rd4
Ra3 53. Rc4 Ra1 54. Kg3 Rg1+ 55. Kh2 Rd1 56. Kg3 Rd3+ 57. Kg2 g4 58. Rc8 Kg5
59. Rc7 Rd5 60. Kg3 Re5 61. Rc8 Rd5 62. Rc7 Rd3+ 63. Kg2 Rd8 64. Kg3 Rf8 65.
Rc6 Kh5 66. Rc7 Rf3+ 67. Kg2 Rf5 68. Kg3 Rf8 69. Rc5+ g5 70. Rc7 Rf3+ 71. Kg2
Rd3 72. Rh7+ Kg6 73. Rc7 g3 74. Kh3 Kf5 75. Rf7+ Ke4 76. Kg2 Rxc3 77. Rf8 Ra3
78. Rf7 Ke5 79. Rf8 Rb3 80. Rf7 Rb1 81. Rf8 Ra1 82. Rf7 1/2-1/2

[Event "4NCL Division 1b"]
[Site "Birmingham ENG"]
[Date "2015.02.15"]
[Round "6.182"]
[White "Zakarian, David"]
[Black "Suarez Garcia, Carlos"]
[Result "0-1"]
[WhiteElo "2385"]
[BlackElo "2376"]
[PlyCount "98"]
[EventDate "2015.02.15"]
[WhiteTeam "Oxford 1"]
[BlackTeam "Hackney 1"]

1. e4 d6 2. d4 Nf6 3. Nc3 g6 4. h3 Bg7 5. Be3 c6 6. f4 Nbd7 7. Nf3 O-O 8. Bd3
b5 9. e5 Nd5 10. Nxd5 cxd5 11. O-O a6 12. Qe1 Nb6 13. b3 Bf5 14. Bxf5 gxf5 15.
Bd2 Qd7 16. Ba5 Nc8 17. a4 Na7 18. Bd2 Nc6 19. c3 Rfb8 20. axb5 Rxb5 21. Ra3
Rab8 22. Rxa6 Rxb3 23. e6 fxe6 24. Rxc6 Rb1 25. Qe2 Rxf1+ 26. Kxf1 Qxc6 27.
Qxe6+ Kh8 28. Ng5 Bf6 29. Qxf5 Bxg5 30. fxg5 Qc4+ 31. Kg1 Qa2 32. Qf4 Kg7 33.
Kh2 Qc2 34. g6 Qxg6 35. Qh4 Re8 36. c4 e6 37. Bb4 dxc4 38. Bxd6 c3 39. Qe1 Rc8
40. d5 c2 41. Bf4 exd5 42. Qe7+ Kg8 43. Bc1 Re8 44. Qc7 h5 45. Qf4 Re2 46. Qf3
Re4 47. Ba3 h4 48. Kg1 Qb6+ 49. Kf1 Qb1+ 0-1

[Event "4NCL Division 1b"]
[Site "Birmingham ENG"]
[Date "2015.02.15"]
[Round "6.183"]
[White "Eames, Robert S"]
[Black "Tan, Justin"]
[Result "0-1"]
[WhiteElo "2212"]
[BlackElo "2383"]
[PlyCount "52"]
[EventDate "2015.02.15"]
[WhiteTeam "Hackney 1"]
[BlackTeam "Oxford 1"]

1. e4 e5 2. d4 exd4 3. Nf3 Nc6 4. Nxd4 Bb4+ 5. c3 Bc5 6. Bc4 Nf6 7. Nxc6 bxc6
8. e5 Qe7 9. Qe2 Nd5 10. b4 Bb6 11. a4 a5 12. b5 Bb7 13. O-O O-O 14. Kh1 Kh8
15. Bd3 Qh4 16. f4 f6 17. Rf3 cxb5 18. Be4 fxe5 19. g3 Qh5 20. axb5 exf4 21. c4
Rae8 22. cxd5 Rxe4 23. Rxf4 Rexf4 24. Qxh5 R4f5 25. Qxf5 Rxf5 26. Nc3 Rxd5 0-1

[Event "4NCL Division 1b"]
[Site "Birmingham ENG"]
[Date "2015.02.15"]
[Round "6.184"]
[White "Coleman, James"]
[Black "Cenal Gutierrez, Ruben"]
[Result "1/2-1/2"]
[WhiteElo "2207"]
[BlackElo "2202"]
[PlyCount "30"]
[EventDate "2015.02.15"]
[WhiteTeam "Oxford 1"]
[BlackTeam "Hackney 1"]

1. c4 Nf6 2. g3 e6 3. Bg2 d5 4. b3 Be7 5. Nf3 Nbd7 6. O-O b6 7. Bb2 Bb7 8. e3
O-O 9. Qe2 dxc4 10. bxc4 Nc5 11. Ba3 Be4 12. Ne5 Bd6 13. Bxe4 Ncxe4 14. Bxd6
cxd6 15. Nf3 d5 1/2-1/2

[Event "4NCL Division 1b"]
[Site "Birmingham ENG"]
[Date "2015.02.15"]
[Round "6.185"]
[White "Holes, Michal"]
[Black "Martins, David Pires Tavares"]
[Result "1/2-1/2"]
[WhiteElo "2041"]
[BlackElo "2284"]
[PlyCount "65"]
[EventDate "2015.02.15"]
[WhiteTeam "Hackney 1"]
[BlackTeam "Oxford 1"]

1. e4 e6 2. d4 d5 3. Nc3 Bb4 4. e5 c5 5. Bd2 cxd4 6. Nb5 Bc5 7. Qg4 Kf8 8. Nf3
Nc6 9. Bd3 a6 10. Nbxd4 Bxd4 11. Nxd4 Nxe5 12. Qg3 Nxd3+ 13. cxd3 f6 14. Rc1 e5
15. O-O Kf7 16. Rfe1 Ne7 17. Nb3 Re8 18. d4 Nc6 19. dxe5 Nxe5 20. Bc3 Nc6 21.
Nc5 Rxe1+ 22. Bxe1 Nd4 23. Qd3 Ne6 24. Nxe6 Bxe6 25. Qxh7 Rc8 26. Qh5+ Kg8 27.
Qd1 Rc7 28. Rxc7 Qxc7 29. Bc3 Qc4 30. a3 Qe4 31. h3 Bd7 32. Qd4 Qe6 33. Qe3
1/2-1/2

[Event "4NCL Division 1b"]
[Site "Birmingham ENG"]
[Date "2015.02.15"]
[Round "6.187"]
[White "Tasker, Michael W"]
[Black "Savage, Ben DM"]
[Result "0-1"]
[WhiteElo "2088"]
[BlackElo "2266"]
[PlyCount "118"]
[EventDate "2015.02.15"]
[WhiteTeam "Hackney 1"]
[BlackTeam "Oxford 1"]

1. Nf3 Nf6 2. c4 c5 3. Nc3 b6 4. e4 d6 5. d4 cxd4 6. Nxd4 Bb7 7. Bd3 Nbd7 8.
Qe2 g6 9. O-O Bg7 10. Be3 O-O 11. Rac1 Rc8 12. Rfd1 Nc5 13. f3 Nxd3 14. Qxd3
Nd7 15. b3 Nc5 16. Qd2 Qd7 17. Kh1 Ne6 18. Nd5 Bxd5 19. exd5 Nxd4 20. Bxd4 Bxd4
21. Qxd4 Rc7 22. Re1 Rfc8 23. a4 Rb7 24. h3 Qd8 25. Re3 Rcc7 26. Rce1 a6 27.
Qh4 Rd7 28. f4 f6 29. R1e2 b5 30. cxb5 axb5 31. Qe1 bxa4 32. bxa4 Kf8 33. f5 g5
34. h4 g4 35. h5 Qb6 36. Rc3 Qb1 37. Qxb1 Rxb1+ 38. Kh2 Ra1 39. Re4 Rf1 40. Kg3
Rxf5 41. Rd4 Ra7 42. Kxg4 Rg5+ 43. Kf3 Rxh5 44. Ra3 Ra5 45. Ke4 Rg5 46. Ra2 Ke8
47. Rad2 Rxa4 48. Kf3 Rxd4 49. Rxd4 Re5 50. Kf4 Kf7 51. g4 Kg6 52. Rd1 h6 53.
Rd2 Re1 54. Rd4 Rf1+ 55. Kg3 f5 56. Kg2 Re1 57. Kf3 Kf6 58. Kf4 Rf1+ 59. Kg3
Rg1+ 0-1

[Event "4NCL Division 1b"]
[Site "Birmingham ENG"]
[Date "2015.02.15"]
[Round "6.188"]
[White "Varney, Zoe"]
[Black "Yurenok, Maria S"]
[Result "0-1"]
[WhiteElo "1746"]
[BlackElo "2017"]
[PlyCount "90"]
[EventDate "2015.02.15"]
[WhiteTeam "Oxford 1"]
[BlackTeam "Hackney 1"]

1. e4 c5 2. c3 d5 3. exd5 Qxd5 4. d4 Nf6 5. Nf3 e6 6. Na3 a6 7. Be3 cxd4 8.
Bxd4 Nbd7 9. Nc4 Be7 10. Be2 O-O 11. O-O b5 12. Nce5 Bb7 13. c4 bxc4 14. Bxc4
Qd6 15. Qb3 Nxe5 16. Bxe5 Qc6 17. Rac1 Rac8 18. Rfd1 Ng4 19. Bf4 Bc5 20. Bg3
Rfd8 21. h3 Rxd1+ 22. Rxd1 Nf6 23. Bf1 Ne4 24. Nd4 Qd7 25. Ne2 Qe7 26. Rd3 Bd5
27. Qa4 Qa7 28. Rf3 Nxg3 29. Rxg3 Bxf2+ 30. Kh1 Bxg3 31. Nxg3 h6 32. Qxa6 Qc7
33. Qa3 Ra8 34. Qe3 Rxa2 35. b4 Rb2 36. Qd4 Rb1 37. Qf2 Rxb4 38. Nh5 Ra4 39.
Kg1 Qe5 40. Qc2 Ra8 41. Be2 Ra1+ 42. Kf2 Ra2 43. Qc8+ Kh7 44. Ng3 Qd4+ 45. Ke1
Ra1+ 0-1